00818nam a2200181 a 450000100100000000500170001000800410002704000250006810000320009324501160012526000680024130000210030949000380033050001010036883000450046995201050051499900170061900004543820201002052242.0150324s1982 dr 000 0 spa d aDO-SdBNPbspacBNPHU1 aGonzález Cano, Hugo9856614aLos incentivos crediticios a las exportaciones no tradicionales en paises del Caricom. /cHugo González Cano. aSanto Domingo :bInstituto de Capacitación Tributaria,c1982. a137 p. ;c21 cm.1 aManuales de finanzas publicasv14 aMaterial de apoyo para los programas desarrollados por el instituto de capacitación tributaria 0aManuales de finanzas publicasn14973491 0010718PDaPDbPDcCTd2015-03-24iLF1l0o p45438-10r2020-06-25w2020-06-25yLFPDZNo se presta c44927d44927